| 000 | 00647nam a2200217 a 4500 | ||
|---|---|---|---|
| 001 | 2809 | ||
| 005 | 20140414132005.0 | ||
| 008 | 051021s19uu xx 00 eng d | ||
| 020 | _a0-02-830909-X | ||
| 050 |
_aTR 372.4 _bB35 L.3-B.1 |
||
| 100 | _aBereiter, Carl | ||
| 245 |
_aSRA open court reading, L.3-Bk.1 / _cCarl Berietier ...(et al.). |
||
| 250 | _aTeacher's ed. | ||
| 260 |
_aColumbus, Ohio : _bSRA/McGraw-Hill , _c2000. |
||
| 300 | _a299 p. ; cm. | ||
| 440 | _aSRA open court reading, blue. | ||
| 500 | _aFriendship--city wildlife--imagination. | ||
| 526 | _cGrade 3 | ||
| 650 |
_aReading _xStudy and teaching. |
||
| 999 |
_c113166 _d113166 |
||